Vybrané otázky vývoja zamestnanosti

Viditeľné zlepšenie vývoja zamestnanosti v roku 2014, v roku 2015 - pokračovanie tohto trendu. Odvetvový pohľad na vývoj zamestnanosti. Eurofondy a rast zamestnanosti. Prognózy na rok 2016-2017. Zmeny metodológií pomáhali znižovať nezamestnanosť. Miera evidovanej nezamestnanosti vykazovaná ÚPSVaR sa...

Celý popis

Uložené v:
Podrobná bibliografia
Hlavný autor: Hudcovský, Martin, 1988-
Ďalší autori: Hvozdíková, Veronika
Médium: Kapitola
Jazyk:Slovak
Predmet:
Tagy: Pridať tag
Žiadne tagy, Buďte prvý, kto otaguje tento záznam!

MARC

LEADER 00000naa$a2200000$$$4500
001 0227678
005 20230228093536.8
041 0 |a slo 
044 |a SK 
245 1 0 |a Vybrané otázky vývoja zamestnanosti  |c Martin Hudcovský, Veronika Hvozdíková 
520 |a Viditeľné zlepšenie vývoja zamestnanosti v roku 2014, v roku 2015 - pokračovanie tohto trendu. Odvetvový pohľad na vývoj zamestnanosti. Eurofondy a rast zamestnanosti. Prognózy na rok 2016-2017. Zmeny metodológií pomáhali znižovať nezamestnanosť. Miera evidovanej nezamestnanosti vykazovaná ÚPSVaR sa v priebehu od novelizácie v roku 2013 stala menej transparentným ukazovateľom, ktorý popisuje vývoj nezamestnanosti s určitým skreslením voči reálnemu stavu. Taktiež zaradenie medzi pracujúcich aj osoby pracujúce na aktivačných prácach skresľuje skutočný stav zamestnanosti. 
610 2 0 |a zamestnanosť 
610 2 0 |a vývoj 
610 2 0 |a vývoj mzdový 
610 2 0 |a fondy Európskej únie 
610 2 0 |a transparentnosť 
610 2 0 |a práca 
610 2 0 |a prognózy 
610 2 0 |a Slovensko 
100 1 |a Hudcovský, Martin, 1988- 
700 1 |a Hvozdíková, Veronika